000 00840 a2200217 4500
999 _c1187
_d1187
020 _a086543493X
020 _a9790865434935
050 0 0 _aGV1713.255ASA 2000
100 2 _aWelsh-Asante, Kariamu.
245 1 0 _aZimbabwe dance :
_brhythmic forces, ancestral voices : an aesthetic analysis /
_cKariamu Welsh Asante.
264 _aNew Jersey:
_bAfrica World press lnc.,
_c2000
300 _ax, 140 p. :
_bill. ;
500 _alncludes index
504 _aIncludes bibliographical references.
650 0 _aFolk dancing
650 0 _aShona (African people)
_xSocial life and customs.
650 0 _aNdebele (African people)
_xSocial life and customs.
651 0 _aZimbabwe
942 _2lcc
_cBK
_h1713.255
_iASA
_kGV